[Event "Backa Topola-ch"]
[Site "Backa Topola"]
[Date "2012.11.19"]
[Round "1"]
[White "Matko, Zeljko"]
[Black "Orcik, Istvan"]
[Result "1/2-1/2"]
[WhiteElo "1989"]
[BlackElo "1711"]
[PlyCount "27"]
[EventDate "2012.11.19"]
[EventType "swiss"]
[EventRounds "9"]
[EventCountry "SRB"]
[SourceTitle "EXT 2014"]
[Source "ChessBase"]
[SourceDate "2013.11.20"]
[SourceVersion "1"]
[SourceVersionDate "2013.11.20"]
[SourceQuality "1"]

1. d4 e6 2. c4 c5 3. Nf3 cxd4 4. Nxd4 Bc5 5. e3 Nc6 6. Nc3 Nf6 7. Be2 0-0 8. 0-0 a6 9. Nf3 h6 10. a3 b6 11. b4 Be7 12. Bb2 Bb7 13. Qc2 Qc7 14. Rac1 1/2-1/2

[Event "Senta op-B 16th"]
[Site "Senta"]
[Date "2012.07.15"]
[Round "2"]
[White "Juhasz, Bencze"]
[Black "Orcik, Istvan"]
[Result "1-0"]
[WhiteElo "1962"]
[BlackElo "1736"]
[PlyCount "39"]
[EventDate "2012.07.14"]
[EventType "swiss"]
[EventRounds "9"]
[EventCountry "SRB"]
[SourceTitle "CBM 149 Extra"]
[Source "ChessBase"]
[SourceDate "2012.08.24"]
[SourceVersion "1"]
[SourceVersionDate "2012.08.24"]
[SourceQuality "1"]

1. e4 e5 2. Nf3 Nc6 3. Bb5 d6 4. 0-0 Nf6 5. Re1 Be7 6. c3 a6 7. Ba4 b5 8. Bb3 Bb7 9. d4 exd4 10. cxd4 Nd7 11. Nbd2 0-0 12. Nf1 Bf6 13. Ng3 g6 14. Bh6 Bg7 15. Qd2 Nf6 16. Rad1 Qd7 17. Bxg7 Kxg7 18. Qg5 Ne7 19. Nh4 Qg4 20. Nhf5+ 1-0

[Event "Backa Topola-ch"]
[Site "Backa Topola"]
[Date "2010.12.01"]
[Round "7"]
[White "Orcik, Istvan"]
[Black "Szabo, Nikita"]
[Result "1/2-1/2"]
[WhiteElo "1821"]
[BlackElo "1608"]
[PlyCount "50"]
[EventDate "2010.11.17"]
[EventType "swiss"]
[EventRounds "9"]
[EventCountry "SRB"]
[SourceTitle "EXT 2019"]
[Source "ChessBase"]
[SourceDate "2018.10.10"]
[SourceVersion "1"]
[SourceVersionDate "2018.10.10"]
[SourceQuality "1"]

1. e4 c6 2. c4 d5 3. exd5 cxd5 4. d4 Nf6 5. c5 Nc6 6. Bb5 g6 7. Bf4 Bg7 8. Be5 0-0 9. Bxc6 bxc6 10. Ne2 e6 11. 0-0 Ba6 12. Re1 Re8 13. Ng3 Nd7 14. Bxg7 Kxg7 15. Nd2 Qf6 16. Nf3 e5 17. Nxe5 Nxe5 18. Rxe5 Rxe5 19. dxe5 Qxe5 20. b4 Bc4 21. a3 Re8 22. Rc1 Qb2 23. Ra1 Re6 24. Qc1 Qd4 25. Qd1 Qb2 1/2-1/2

[Event "Backa Topola-ch"]
[Site "Backa Topola"]
[Date "2010.11.19"]
[Round "2"]
[White "Janjusevic, Branislav"]
[Black "Orcik, Istvan"]
[Result "1-0"]
[WhiteElo "1947"]
[BlackElo "1821"]
[PlyCount "129"]
[EventDate "2010.11.17"]
[EventType "swiss"]
[EventRounds "9"]
[EventCountry "SRB"]
[SourceTitle "EXT 2019"]
[Source "ChessBase"]
[SourceDate "2018.10.10"]
[SourceVersion "1"]
[SourceVersionDate "2018.10.10"]
[SourceQuality "1"]

1. e4 c5 2. Nf3 Nc6 3. d4 cxd4 4. Nxd4 e5 5. Nf5 g6 6. Ng3 Bg7 7. Bc4 Nge7 8. Nc3 a6 9. Be3 b5 10. Bb3 Na5 11. Nd5 Nxd5 12. Bxd5 Bb7 13. Bxb7 Nxb7 14. Qd5 Qc7 15. Rd1 d6 16. 0-0 0-0 17. Rd2 Kh8 18. b3 Rfd8 19. f4 f6 20. f5 Rd7 21. Rc1 Qc3 22. Rd3 Qa5 23. c4 bxc4 24. Qxc4 Bf8 25. Qe6 Qd8 26. fxg6 hxg6 27. Qg4 Qe8 28. Rf1 Bg7 29. Rfd1 Bf8 30. h3 Rc8 31. Qh4+ Kg7 32. Bh6+ Kg8 33. Bxf8 Qxf8 34. Rf3 Rf7 35. Rdf1 Rcc7 36. Rxf6 Rxf6 37. Rxf6 Qg7 38. Qg5 Kh7 39. Nf5 gxf5 40. Qxf5+ Kg8 41. Rg6 Rf7 42. Rxg7+ Rxg7 43. b4 a5 44. a3 axb4 45. axb4 Rf7 46. Qg6+ Rg7 47. Qe8+ Kh7 48. Kh2 Kh6 49. g4 Kh7 50. Kg3 Rg8 51. Qf7+ Rg7 52. Qf5+ Kg8 53. Qc8+ Kh7 54. h4 d5 55. Qf5+ Kh8 56. exd5 e4 57. Qe5 e3 58. Qxe3 Nd6 59. Qe5 Nf5+ 60. Qxf5 Ra7 61. h5 Ra3+ 62. Kh4 Kg7 63. Kg5 Ra6 64. Qd7+ Kh8 65. h6 1-0

[Event "Senta op-B 14th"]
[Site "Senta"]
[Date "2010.07.19"]
[Round "4"]
[White "Orcik, Istvan"]
[Black "Novak, Tamas"]
[Result "0-1"]
[WhiteElo "1897"]
[BlackElo "1999"]
[PlyCount "100"]
[EventDate "2010.07.17"]
[EventType "swiss"]
[EventRounds "9"]
[EventCountry "YUG"]
[SourceTitle "EXT 2011"]
[Source "ChessBase"]
[SourceDate "2010.11.26"]
[SourceVersion "1"]
[SourceVersionDate "2010.11.26"]
[SourceQuality "1"]

1. e4 e5 2. Bc4 Nf6 3. Nc3 Bb4 4. Nd5 Nxd5 5. Bxd5 c6 6. Bb3 d6 7. c3 Bc5 8. d4 exd4 9. cxd4 Bb6 10. Be3 Qe7 11. Bc2 0-0 12. Qd3 f5 13. Ne2 Ba5+ 14. Nc3 Qh4 15. 0-0-0 Bxc3 16. g3 Bxb2+ 17. Kxb2 Qf6 18. Qb3+ Kh8 19. Kc1 fxe4 20. Bxe4 d5 21. Bc2 Na6 22. h4 Bg4 23. Rde1 Rf7 24. h5 h6 25. Rh4 Bf5 26. Rf4 Qe6 27. Bd2 Qd7 28. g4 Bxc2 29. Rxf7 Qxf7 30. Qxc2 Re8 31. Rxe8+ Qxe8 32. Qf5 Nc7 33. Be3 Nb5 34. Kb2 Nd6 35. Qf4 Nc4+ 36. Kc3 a5 37. a4 Qe7 38. Kd3 Nb2+ 39. Kc2 Nxa4 40. Bd2 b5 41. Bxa5 Qe2+ 42. Kc1 Kg8 43. Qb8+ Kh7 44. Qf4 Qd3 45. Qf5+ Qxf5 46. gxf5 Kg8 47. Kd2 Kf7 48. Ke3 Nb2 49. Kf4 b4 50. Ke5 Nc4+ 0-1